[Event "69. BEM 2015"]
[Site "Dortmund"]
[Date "2015.03.03"]
[Round "2.5"]
[White "Kropp, Andreas"]
[Black "Ewers, Christian"]
[Result "1/2-1/2"]
[WhiteElo "1989"]
[BlackElo "1702"]
[PlyCount "44"]
[EventDate "2015.??.??"]
[WhiteTeam "SV Eichlinghofen"]
[BlackTeam "SG Mengede"]

1. d4 Nf6 2. Nf3 d6 3. Bg5 h6 4. Bh4 g5 5. Bg3 Nh5 6. Nc3 f5 7. e3 Nxg3 8. hxg3
e6 9. Bd3 Bg7 10. Qe2 O-O 11. O-O-O Nc6 12. Kb1 d5 13. Qd2 a6 14. Na4 b6 15. b3
Qe7 16. Be2 a5 17. Nb2 Qa3 18. c3 Ba6 19. Ne1 b5 20. Nc2 Qe7 21. Nd3 b4 22.
cxb4 Bxd3 1/2-1/2

[Event "69. BEM 2015"]
[Site "Dortmund"]
[Date "2015.03.03"]
[Round "2.6"]
[White "Rahner, Norbert"]
[Black "Grube, Jörg"]
[Result "0-1"]
[WhiteElo "1681"]
[BlackElo "1902"]
[PlyCount "32"]
[EventDate "2015.??.??"]
[WhiteTeam "SG Mengede"]
[BlackTeam "FS 1898 Dortmund"]

1. d4 g6 2. c4 Bg7 3. e4 d6 4. f3 Nd7 5. Be3 c5 6. Qd2 Qb6 7. Ne2 Ngf6 8. Nbc3
O-O 9. g4 cxd4 10. Nxd4 Ne5 11. Be2 Qd8 12. h4 Be6 13. b3 Bxg4 14. fxg4 Nfxg4
15. Bg1 e6 16. Qd3 Nxd3+ 0-1

[Event "69. BEM 2015"]
[Site "Dortmund"]
[Date "2015.03.03"]
[Round "2.7"]
[White "Begna, Bozidar"]
[Black "Ziemek, Gerhard"]
[Result "1-0"]
[WhiteElo "1898"]
[BlackElo "1627"]
[PlyCount "93"]
[EventDate "2015.??.??"]
[WhiteTeam "SC Hansa Dortmund"]
[BlackTeam "SVg Marten-Bövinghsn."]

1. Nf3 Nf6 2. c4 d6 3. Nc3 e5 4. e4 Nc6 5. d4 exd4 6. Nxd4 Nxd4 7. Qxd4 Be7 8.
Be2 O-O 9. O-O Bd7 10. f3 b6 11. Be3 Rc8 12. Rac1 Be6 13. Kh1 Nd7 14. Nd5 Bh4
15. Nf4 Bf6 16. Qd2 Ne5 17. Nxe6 fxe6 18. f4 Nd7 19. b4 Qe7 20. c5 e5 21. cxd6
cxd6 22. f5 Nb8 23. Bc4+ Kh8 24. Be6 Nd7 25. Rfd1 Rxc1 26. Rxc1 Nb8 27. Rc4 b5
28. Rc2 Rd8 29. Qc1 Na6 30. a3 h6 31. Bc8 Nb8 32. Rc7 Qe8 33. Be6 Nd7 34. Rxa7
Nf8 35. Bd5 Rc8 36. Rc7 Rd8 37. Bxh6 Rd7 38. Rxd7 Qxd7 39. Be3 g6 40. g4 Qh7
41. Qf1 Qh4 42. fxg6 Nxg6 43. Qf2 Qxf2 44. Bxf2 Bg5 45. Bc6 Bc1 46. Bxb5 Bxa3
47. Be1 1-0

[Event "69. BEM 2015"]
[Site "Dortmund"]
[Date "2015.03.03"]
[Round "2.8"]
[White "Brendemühl, Bernd"]
[Black "Rauschenbusch, U."]
[Result "1-0"]
[WhiteElo "1894"]
[BlackElo "1618"]
[PlyCount "71"]
[EventDate "2015.??.??"]
[WhiteTeam "FS 1898 Dortmund"]
[BlackTeam "FS 1898 Dortmund"]

1. e4 b6 2. d4 Bb7 3. Nc3 e6 4. Nf3 Bb4 5. Bd3 Nf6 6. Qe2 d5 7. e5 Ne4 8. Bd2
Nxd2 9. Nxd2 c5 10. Qg4 O-O 11. a3 cxd4 12. Ncb1 Bxd2+ 13. Nxd2 Ba6 14. Bxa6
Nxa6 15. Qxd4 Qg5 16. O-O Rac8 17. c3 Nc5 18. Rae1 f5 19. f4 Qe7 20. Qe3 Rc7
21. Nf3 Ne4 22. Nd4 a6 23. Kh1 Rfc8 24. Rg1 Qf7 25. g4 fxg4 26. Rxg4 Nxc3 27.
bxc3 Rxc3 28. Qf2 Rxa3 29. Qb2 Rh3 30. Qxb6 Rxh2+ 31. Kxh2 Qh5+ 32. Kg3 Rc3+
33. Nf3 Rxf3+ 34. Kxf3 Qh3+ 35. Rg3 Qh5+ 36. Kg2 1-0

[Event "69. BEM 2015"]
[Site "Dortmund"]
[Date "2015.03.03"]
[Round "2.9"]
[White "Potyrala, Lukasz-R"]
[Black "Zachos, Ingo"]
[Result "0-1"]
[WhiteElo "1625"]
[BlackElo "1894"]
[PlyCount "92"]
[EventDate "2015.??.??"]
[WhiteTeam "61603/FS 1898 Dortmund"]
[BlackTeam "SV Eichlinghofen"]

1. d4 Nf6 2. Nf3 d6 3. Bf4 g6 4. e3 Bg7 5. c3 O-O 6. Nbd2 Nbd7 7. Qb3 c5 8. Bc4
a6 9. Ng5 Qe8 10. O-O b5 11. Be2 Rb8 12. Bf3 c4 13. Qc2 Nb6 14. h3 h6 15. Nge4
Nfd5 16. Bh2 f5 17. Ng3 f4 18. exf4 Nxf4 19. Ne2 Bf5 20. Qd1 Nd3 21. b3 Qf7 22.
Be4 Rfc8 23. Bxf5 Qxf5 24. Ng3 Qf7 25. Nge4 Nd5 26. bxc4 Nb2 27. Qe2 Nxc4 28.
Nxc4 {(=)} Rxc4 29. Rac1 Rbc8 30. Rc2 Nxc3 31. Nxc3 Rxc3 32. Rxc3 Rxc3 33. Qd2
Rc4 34. Rc1 Rxc1+ 35. Qxc1 Qxa2 36. Bf4 Bxd4 37. Qc8+ Kh7 38. Bg3 Bf6 39. Qb7
Qa4 40. Kh2 Qa1 41. Qd5 Kg7 42. Qb7 Qd4 43. Qxa6 b4 44. Qb7 h5 45. Qf3 b3 46.
Bf4 Qxf4+ 0-1

[Event "69. BEM 2015"]
[Site "Dortmund"]
[Date "2015.03.03"]
[Round "2.10"]
[White "Kartsev, Nikolaj"]
[Black "Hillebrand, Carsten"]
[Result "0-1"]
[WhiteElo "1616"]
[BlackElo "1853"]
[PlyCount "68"]
[EventDate "2015.??.??"]
[WhiteTeam "SF Brackel"]
[BlackTeam "FS 1898 Dortmund"]

1. c4 Nf6 2. g3 g6 3. Bg2 Bg7 4. Nc3 O-O 5. b4 d6 6. Rb1 e5 7. d3 Nc6 8. e3 Re8
9. Nge2 Ne7 10. O-O d5 11. Qb3 Be6 12. Rd1 c6 13. a4 Qd7 14. a5 Rad8 15. Ba3
Bh3 16. Na4 Bxg2 17. Kxg2 Qg4 18. Nec3 Nf5 19. h3 Nh4+ 20. Kh2 Nf3+ 21. Kg2
Nh4+ 22. Kh2 Nf3+ 23. Kg2 Qh5 24. Nc5 Ng5 25. Rh1 Qf3+ 26. Kg1 b6 27. axb6 axb6
28. N5a4 h5 29. Qd1 Qf5 30. Kg2 dxc4 31. Nxb6 Rxd3 32. Qc2 Nfe4 33. Nd1 Qf3+
34. Kh2 Rd2 0-1

[Event "69. BEM 2015"]
[Site "Dortmund"]
[Date "2015.03.03"]
[Round "2.11"]
[White "Fork, Raphael"]
[Black "Schleuß, Jürgen"]
[Result "1-0"]
[WhiteElo "1844"]
[BlackElo "1253"]
[PlyCount "123"]
[EventDate "2015.??.??"]
[WhiteTeam "Matt Inn"]
[BlackTeam "Dortmunder SV"]

1. e4 e6 2. d4 Nf6 3. e5 Nd5 4. Nf3 Be7 5. Be2 Nc6 6. O-O O-O 7. c4 Nb6 8. Nc3
d5 9. b3 a6 10. Be3 f6 11. Qd3 fxe5 12. Nxe5 Nxe5 13. dxe5 dxc4 14. Qxd8 Rxd8
15. Bxb6 cxb6 16. Bxc4 b5 {(=)} 17. Be2 Bc5 18. Rad1 Rf8 19. Ne4 Bb6 20. Kh1
Bc7 21. f4 b6 22. Bg4 Re8 23. Ng5 h6 24. Bf3 Rb8 25. Bc6 Re7 26. Ne4 Bb7 {(=)}
27. Bxb7 Rxb7 28. h4 Rf7 29. g3 Rb8 30. Rf2 Rbf8 31. Rfd2 Kh7 32. Kg2 Re8 33.
Rd7 Ree7 34. Rxe7 Rxe7 35. Kf3 Rf7 36. Nd6 Rd7 37. Ke4 Kg8 38. Rd4 Kf8 39. Nxb5
Rxd4+ 40. Nxd4 Kf7 41. h5 b5 42. g4 Ke7 43. f5 exf5+ 44. gxf5 Bb6 45. Ne6 Kf7
46. Nf4 b4 47. Ng6 a5 48. Kd5 Bc7 49. e6+ Ke8 50. Kc6 Bd8 51. Kd6 Bf6 52. Ne5
Be7+ 53. Kd5 Bf6 54. Nc6 Bg5 55. Nxa5 Ke7 56. Nc6+ Kf6 57. Nxb4 Kxf5 58. a4 Be7
59. Nc6 Kf6 60. a5 g5 61. hxg6 h5 62. a6 1-0

[Event "69. BEM 2015"]
[Site "Dortmund"]
[Date "2015.03.03"]
[Round "2.12"]
[White "Wilkins, Petra"]
[Black "Büchle, Manfred"]
[Result "0-1"]
[WhiteElo "1041"]
[BlackElo "1828"]
[PlyCount "108"]
[EventDate "2015.??.??"]
[WhiteTeam "SC Hansa Dortmund"]
[BlackTeam "SV Eichlinghofen"]

1. d4 d5 2. Nf3 e6 3. Nc3 Nf6 4. g3 c5 5. Be3 c4 6. Bg2 Nc6 7. O-O Bd6 8. b3
cxb3 9. cxb3 a6 10. Na4 O-O 11. a3 h6 12. Nc5 b6 13. Nd3 Bb7 14. b4 Rc8 15. Rc1
Qe7 16. Nfe5 Bxe5 17. dxe5 Nd7 18. f4 Rfd8 19. Nb2 a5 20. b5 Qxa3 21. Qd2 Na7
22. Rf3 Qe7 23. Qd3 Rxc1+ 24. Bxc1 Nc5 25. Qb1 Nxb5 26. Nd3 Ba6 27. Be3 Rc8 28.
Rf1 Qb7 29. Qa1 Nxd3 30. exd3 Nc3 31. Kh1 Rc6 32. Rc1 Nb5 33. f5 Qc7 34. Rxc6
Qxc6 35. Qf1 Qc7 36. Qf4 d4 37. Bd2 Bb7 38. Be4 exf5 39. Qxf5 Bxe4+ 40. dxe4
Qc6 41. Qg4 a4 42. Bb4 Qc1+ 43. Kg2 Qb2+ 44. Kh3 Qxb4 45. Qc8+ Qf8 46. Qc4 Qe8
47. Qxa4 Qd7+ 48. g4 d3 49. Qa8+ Kh7 50. Qa1 d2 51. Qd1 Nc3 52. e6 fxe6 53. Qc2
d1=Q 54. e5+ Qxc2 0-1

[Event "69. BEM 2015"]
[Site "Dortmund"]
[Date "2015.03.03"]
[Round "2.13"]
[White "Simon, Thomas"]
[Black "Haufe, Ulrich"]
[Result "1-0"]
[WhiteElo "1757"]
[BlackElo "1292"]
[PlyCount "105"]
[EventDate "2015.??.??"]
[WhiteTeam "SF Brackel"]
[BlackTeam "SU Huck.-Westerfilde"]

1. Nf3 d5 2. c4 c6 3. g3 Bf5 4. Bg2 Nf6 5. cxd5 cxd5 6. Qb3 Qc7 7. Nc3 e6 8. d3
a6 9. Bf4 Bd6 10. Bxd6 Qxd6 11. Qxb7 Qc6 12. Qxc6+ Nxc6 13. O-O O-O 14. Rac1
Rfb8 15. Nxd5 exd5 16. Rxc6 Rxb2 17. Nd4 Bg4 18. f3 Bc8 19. Rfc1 Bb7 20. R6c2
Rxc2 21. Rxc2 g6 22. Rb2 Bc8 23. f4 Bd7 24. e4 dxe4 25. dxe4 Rc8 26. h3 Rc4 27.
Rd2 Ba4 28. e5 Nh5 29. Kf2 Rc3 30. Bf3 Ng7 31. g4 h6 32. Ne2 Rc7 33. Rd8+ Ne8
34. Bd5 Kg7 35. Nd4 Re7 36. Bc4 Nc7 37. Rd6 Nb5 38. Rxa6 Nxd4 39. Rxa4 Nc6 40.
Bd5 Nd8 41. Ra6 Kf8 42. Ke3 Rc7 43. Ra8 Ke7 44. Ra3 f6 45. exf6+ Kxf6 46. Ra6+
Kg7 47. Rd6 Nf7 48. Bxf7 Kxf7 49. f5 gxf5 50. Rxh6 fxg4 51. Rh7+ Kg6 52. Rxc7
gxh3 53. Kf3 1-0

[Event "69. BEM 2015"]
[Site "Dortmund"]
[Date "2015.03.03"]
[Round "2.14"]
[White "Jentzsch, Wern. Wilfr"]
[Black "Raskin, Vitali"]
[Result "0-1"]
[WhiteElo "1318"]
[BlackElo "1610"]
[PlyCount "62"]
[EventDate "2015.??.??"]
[WhiteTeam "SF Brackel"]
[BlackTeam "FS 1898 Dortmund"]

1. d4 d5 2. Nc3 Nf6 3. Bf4 e6 4. Nf3 Bd6 5. Bxd6 cxd6 6. e3 Nc6 7. Bd3 e5 8.
dxe5 dxe5 9. Bb5 Qd6 10. e4 d4 11. Qd3 O-O 12. Bxc6 bxc6 13. O-O-O Qb4 14. a3
Qa5 15. Na2 Ba6 16. Qd2 Qc7 17. h4 Nxe4 18. Qe1 f5 19. Ng5 Nxg5 20. hxg5 c5 21.
f3 Rfe8 22. Qh4 g6 23. Rh2 e4 24. Rdh1 Re7 25. fxe4 fxe4 26. Qh6 e3 27. Kd1 e2+
28. Kd2 Qf4+ 29. Ke1 Qg3+ 30. Kd2 e1=Q+ 31. Rxe1 Qxe1# 0-1

[Event "69. BEM 2015"]
[Site "Dortmund"]
[Date "2015.03.03"]
[Round "2.15"]
[White "Völler, Lothar"]
[Black "Pennekamp, Christ"]
[Result "1-0"]
[WhiteElo "1597"]
[BlackElo "1194"]
[PlyCount "77"]
[EventDate "2015.??.??"]
[WhiteTeam "FS 1898 Dortmund"]
[BlackTeam "SC Hansa Dortmund"]

1. b3 e5 2. Bb2 Nc6 3. e3 d6 4. c4 Nf6 5. Ne2 Be7 6. f4 O-O 7. fxe5 Nxe5 8. Ng3
Bg4 9. Qc2 Qd7 10. h3 Be6 11. Be2 Qc6 12. O-O Qd7 13. d4 Ng6 14. Bf3 d5 15. Nd2
Bd6 16. cxd5 Bxd5 17. Nge4 Nxe4 18. Nxe4 c6 19. Nxd6 Qxd6 20. e4 Be6 21. a4
Rfd8 22. Rad1 Qb4 23. Bc3 Qb6 24. Kh1 Bxb3 25. Qd2 Bxd1 26. Rxd1 Qc7 27. Qb2
Qb6 28. Qa1 Qb3 29. Rb1 Qc4 30. d5 f6 31. Rxb7 Rdb8 32. dxc6 Qxc6 33. e5 Qe6
34. exf6 Rxb7 35. Bxb7 Rd8 36. fxg7 Qe2 37. Bf3 Qc2 38. Bb2 Nf4 39. Qa2+ 1-0

[Event "69. BEM 2015"]
[Site "Dortmund"]
[Date "2015.03.03"]
[Round "2.16"]
[White "Kawka, Bogdan"]
[Black "Vogt, Christian"]
[Result "1/2-1/2"]
[WhiteElo "1272"]
[BlackElo "1524"]
[PlyCount "92"]
[EventDate "2015.??.??"]
[WhiteTeam "FS 1898 Dortmund"]
[BlackTeam "SC Hansa Dortmund"]

1. d4 Nf6 2. c4 e6 3. Nc3 Bb4 4. Qb3 c5 5. dxc5 Bxc5 6. Bg5 Bxf2+ 7. Kxf2 Ng4+
8. Ke1 Qxg5 9. Ne4 Qa5+ 10. Qc3 Qxc3+ 11. Nxc3 Ne3 12. Rc1 Na6 13. b3 Ke7 14.
Kf2 Nxf1 15. Kxf1 b6 16. Nf3 Bb7 17. Kf2 Nc5 18. Rcd1 Ne4+ 19. Nxe4 Bxe4 20.
Ng5 Bc6 21. Rhe1 h6 22. Nf3 d6 23. e4 e5 24. h3 h5 25. h4 f6 26. Ke3 b5 27. Nd2
a5 28. Rc1 Rhc8 29. Rc2 Bd7 30. Rec1 Kd8 31. g3 f5 32. cxb5 Rxc2 33. Rxc2 Bxb5
34. exf5 Rc8 35. Rxc8+ Kxc8 36. Nf3 Bd7 37. Ke4 Bc6+ 38. Ke3 Kc7 39. Nh2 Kb6
40. g4 Bd7 41. Ke4 Bc6+ 42. Ke3 d5 43. g5 d4+ 44. Kd2 Be4 45. f6 gxf6 46. gxf6
Bg6 1/2-1/2

[Event "69. BEM 2015"]
[Site "Dortmund"]
[Date "2015.03.03"]
[Round "2.17"]
[White "Simon, Stefan"]
[Black "Bensch, Christian"]
[Result "1-0"]
[WhiteElo "1484"]
[BlackElo "1160"]
[PlyCount "113"]
[EventDate "2015.??.??"]
[WhiteTeam "SVg Marten-Bövinghsn."]
[BlackTeam "SC Wambel"]

1. e4 e5 2. Nf3 Nc6 3. Bc4 Bc5 4. c3 Nf6 5. d4 exd4 6. cxd4 Bb4+ 7. Bd2 Nxe4 8.
Bxf7+ Kf8 9. Bxb4+ Nxb4 10. Qb3 Qe7 11. Ne5 Nc6 12. Bg6 Nxe5 13. Bxe4 Nc6 14.
Qf3+ Ke8 15. O-O Nxd4 16. Qh5+ Qf7 17. Qh4 Qf6 18. Qxf6 gxf6 19. Re1 Kd8 20.
Nc3 f5 21. Rad1 c5 22. Bd5 Kc7 23. Ne2 Nc2 24. Rf1 Re8 25. Rd2 Nb4 26. Nc3 Nxd5
27. Nxd5+ Kc6 28. Rfd1 b6 29. f3 Bb7 30. Nf6 Re7 31. Rxd7 Re2 32. R7d2 Re6 33.
Nxh7 Rae8 34. Kf2 Kb5 35. Ng5 Re3 36. Nh3 a5 37. Nf4 Bc6 38. Re2 Rxe2+ 39. Nxe2
Kb4 40. g4 fxg4 41. fxg4 Rf8+ 42. Kg3 Bf3 43. Rf1 Bxg4 44. Rxf8 Bxe2 45. h4 Bd3
46. Kf3 Bb1 47. Rf4+ c4 48. a3+ Kb3 49. Ke3 Kxb2 50. Rxc4 Kxa3 51. Kd2 b5 52.
Rc5 Ka4 53. Kc3 b4+ 54. Kb2 Bh7 55. h5 b3 56. Rc7 Be4 57. Rc4+ 1-0

[Event "69. BEM 2015"]
[Site "Dortmund"]
[Date "2015.03.03"]
[Round "2.18"]
[White "Schlettig, Achim"]
[Black "Gegner, Michael"]
[Result "0-1"]
[WhiteElo "1206"]
[BlackElo "1478"]
[PlyCount "140"]
[EventDate "2015.??.??"]
[WhiteTeam "FS 1898 Dortmund"]
[BlackTeam "Dortmunder SV"]

1. e4 g5 2. d4 h6 3. Nc3 Bg7 4. Be3 e6 5. Bd3 d6 6. Qd2 Ne7 7. Nge2 f5 8. g3 c6
9. f3 b5 10. a3 a5 11. g4 f4 12. Bf2 h5 13. h4 hxg4 14. fxg4 e5 15. O-O-O Bxg4
16. Rdg1 Bf3 17. Rh2 g4 18. Be1 Bh6 19. Kb1 Bxe2 20. Qxe2 f3 21. Qf2 Bf4 22.
Rhh1 Qd7 23. Bd2 Bxd2 24. Qxd2 exd4 25. Nd1 c5 26. Nf2 Rg8 27. Qh6 c4 28. Qh5+
Kd8 29. Bf1 g3 30. Bh3 Qe8 31. Qxe8+ Kxe8 32. Ng4 Rxg4 33. Bxg4 g2 34. Rh2 f2
35. Bh5+ Kd8 36. Rhxg2 fxg1=Q+ 37. Rxg1 Nbc6 38. Rh1 Kc7 39. Be2 Rf8 40. Rh2
Ne5 41. h5 d3 42. cxd3 cxd3 43. Bd1 Rf4 44. Kc1 Rxe4 45. Kd2 Rf4 46. Ke3 Nd5+
47. Kd2 Nc4+ 48. Kc1 d2+ 49. Kb1 Rf1 50. Rxd2 Nxd2+ 51. Kc2 Ne4 52. Be2 Rf2 53.
Kd3 Rxe2 54. Kxe2 Ng3+ 55. Kd3 Nxh5 56. Kd4 Kc6 57. b4 axb4 58. axb4 Nxb4 59.
Kc3 Kc5 60. Kb3 d5 61. Kc3 d4+ 62. Kd2 Kc4 63. Kc1 Kc3 64. Kd1 d3 65. Kc1 d2+
66. Kd1 Nc2 67. Ke2 Ne3 68. Kxe3 d1=Q 69. Ke4 b4 70. Ke5 b3 0-1

[Event "69. BEM 2015"]
[Site "Dortmund"]
[Date "2015.03.03"]
[Round "2.19"]
[White "Zabel, Reinhard"]
[Black "Dirks, Rainer"]
[Result "1-0"]
[WhiteElo "1461"]
[BlackElo "1150"]
[PlyCount "101"]
[EventDate "2015.??.??"]
[WhiteTeam "Doppelbauer Brambauer"]
[BlackTeam "FS 1898 Dortmund"]

1. e4 e5 2. Nf3 Nc6 3. Bb5 d6 4. d4 a6 5. Bxc6+ bxc6 6. dxe5 dxe5 7. Qxd8+ Kxd8
8. Nxe5 Bb7 9. Nxf7+ Kd7 10. Nc3 Nf6 11. Nxh8 c5 12. f3 Ke6 13. Be3 Bd6 14. Ng6
hxg6 15. O-O-O Nh5 16. g3 Rf8 17. Rhf1 Nf6 18. Na4 Nd7 19. Rde1 Bc6 20. Nc3 Be5
21. Nd5 Bxd5 22. exd5+ Kxd5 23. Rd1+ Kc6 24. c4 Nb6 25. b3 a5 26. f4 Bd4 27.
Bxd4 cxd4 28. Rxd4 Re8 29. Kd2 a4 30. Rf3 Kc5 31. Re3 Rh8 32. Rde4 Rxh2+ 33.
Re2 Rh3 34. Re5+ Kb4 35. Rg5 Rh6 36. Rb5+ Ka3 37. Kc3 Rh3 38. Rg2 Rh5 39. Rxh5
gxh5 40. b4 Nd7 41. b5 Nf6 42. Kd4 Kb4 43. Re2 Ka3 44. Kc5 Nd7+ 45. Kc6 Nb6 46.
c5 Nc4 47. Kxc7 Nb2 48. Rxb2 Kxb2 49. b6 a3 50. b7 Kxa2 51. b8=Q 1-0

[Event "69. BEM 2015"]
[Site "Dortmund"]
[Date "2015.03.03"]
[Round "2.20"]
[White "Wangrin, Stefan A"]
[Black "Howorka, Roland"]
[Result "0-1"]
[WhiteElo "1169"]
[BlackElo "1443"]
[PlyCount "110"]
[EventDate "2015.??.??"]
[WhiteTeam "FS 1898 Dortmund"]
[BlackTeam "FS 1898 Dortmund"]

1. e4 c5 2. c4 e6 3. Nc3 Nc6 4. Nf3 Nge7 5. d3 Ng6 6. Be2 Be7 7. O-O a6 8. a4
h6 9. Be3 b6 10. d4 cxd4 11. Nxd4 Bb7 12. Nxc6 Bxc6 13. Na2 Qc7 14. f3 h5 15.
Qd4 Bc5 16. Qc3 Bd6 17. h3 Nf4 18. Nc1 h4 19. Bxf4 Bxf4 20. Qxg7 Be5 21. Qg4
O-O-O 22. Qg5 Bd4+ 23. Rf2 Rdg8 24. Qd2 Bxf2+ 25. Kf1 Qg3 26. Bd3 Qxg2+ 27. Ke2
Bd4+ 28. Kd1 Qxf3+ 29. Kc2 Rg2 30. Ne2 Bxe4 31. Re1 Bxd3+ 32. Qxd3 Qxd3+ 33.
Kxd3 Bc5 34. b3 Rh2 35. Nf4 Rg8 36. Ke4 Bd6 37. c5 f5+ 38. Kd3 Bxf4 39. cxb6
Kb7 40. a5 Rxh3+ 41. Kc4 Rc8+ 42. Kd4 Rxb3 43. Rxe6 Rb4+ 44. Kd5 dxe6+ 45. Kxe6
Rc6+ 46. Kxf5 Bb8 47. Kg5 Rc5+ 48. Kf6 h3 49. Ke6 h2 50. Kd7 h1=Q 51. Kd8 Rd4+
52. Ke7 Qe4+ 53. Kf6 Rc6+ 54. Kf7 Qe6+ 55. Kg7 Qd7+ 0-1

[Event "69. BEM 2015"]
[Site "Dortmund"]
[Date "2015.03.03"]
[Round "2.21"]
[White "Benke, Werner"]
[Black "Schmidt, Andreas"]
[Result "1-0"]
[WhiteElo "1427"]
[BlackElo "1026"]
[PlyCount "71"]
[EventDate "2015.??.??"]
[WhiteTeam "SC Hansa Dortmund"]
[BlackTeam "FS 1898 Dortmund"]

1. d4 d5 2. Nf3 Nc6 3. Bf4 Bf5 4. a3 e6 5. e3 a6 6. Bd3 Bg4 7. h3 Bxf3 8. Qxf3
Bd6 9. Nd2 Bxf4 10. Qxf4 Nge7 11. O-O f5 12. c4 Ng6 13. Qg3 Qd7 14. Rac1 O-O-O
15. Nb3 e5 16. cxd5 f4 17. dxc6 bxc6 18. Bxa6+ Kb8 19. exf4 exd4 20. Qf3 Qd5
21. Qxd5 Rxd5 22. Bc4 Rd6 23. g3 Ne7 24. Rfd1 Rhd8 25. Nc5 Nf5 26. Rd3 Re8 27.
Rb3+ Kc8 28. Bd3 Nxg3 29. fxg3 Rh6 30. Bf5+ Kd8 31. Rb8+ Ke7 32. Rxe8+ Kxe8 33.
Re1+ Kf7 34. Kf2 Kf6 35. Bg4 g5 36. Re6+ 1-0

[Event "69. BEM 2015"]
[Site "Dortmund"]
[Date "2015.03.03"]
[Round "2.22"]
[White "Böckmann, Lieselotte"]
[Black "Kesselmeier, Klaus"]
[Result "1/2-1/2"]
[WhiteElo "1083"]
[BlackElo "1404"]
[PlyCount "49"]
[EventDate "2015.??.??"]
[WhiteTeam "FS 1898 Dortmund"]
[BlackTeam "SF Brackel"]

1. c4 e6 2. g3 d5 3. Bg2 Nf6 4. Nc3 d4 5. Ne4 Nxe4 6. Bxe4 f5 7. Bg2 Be7 8. d3
O-O 9. Bf4 c5 10. Nf3 Nc6 11. Qd2 Bf6 12. h4 h6 13. Qc1 e5 14. Bd2 Rb8 15. h5
e4 16. Nh4 Bxh4 17. Rxh4 exd3 18. Bd5+ Kh7 19. Bf4 Ra8 20. Qd2 dxe2 21. Kxe2
Nb4 22. Bf3 a5 23. Kf1 Ra6 24. a3 Nc6 25. Re1 1/2-1/2

[Event "69. BEM 2015"]
[Site "Dortmund"]
[Date "2015.03.03"]
[Round "2.23"]
[White "Pachura, Karl-Heinz"]
[Black "Reker, Gerhard"]
[Result "1-0"]
[WhiteElo "1353"]
[BlackElo "874"]
[PlyCount "87"]
[EventDate "2015.??.??"]
[WhiteTeam "SF Brackel"]
[BlackTeam "FS 1898 Dortmund"]

1. e4 e5 2. Nf3 Nc6 3. Bb5 Nf6 4. Bxc6 dxc6 5. O-O Nxe4 6. Re1 Bf5 7. d3 Nxf2
8. Kxf2 Bc5+ 9. Kf1 O-O 10. Rxe5 Bg4 11. Rxc5 Qd6 12. Rg5 Bxf3 13. Qxf3 Qxh2
14. Rh5 Qd6 15. Bf4 Qe6 16. Re5 Qg6 17. Nc3 f6 18. Re2 a6 19. Rae1 b5 20. Qxc6
Qh5 21. Qd5+ Qxd5 22. Nxd5 c6 23. Ne7+ Kh8 24. Nxc6 Rac8 25. Na5 h6 26. Bd6
Rfd8 27. Bb4 Rd4 28. a3 Rf4+ 29. Kg1 h5 30. Re8+ Rxe8 31. Rxe8+ Kh7 32. Re4 Rf5
33. Bd2 g5 34. Nb3 g4 35. Nd4 Rc5 36. c3 f5 37. Re7+ Kg6 38. b4 Rd5 39. Re6+
Kf7 40. Rxa6 h4 41. Rb6 f4 42. Rxb5 Rd6 43. Bxf4 Rf6 44. Rf5 1-0

[Event "69. BEM 2015"]
[Site "Dortmund"]
[Date "2015.03.03"]
[Round "2.24"]
[White "Sobottka, H.-Gerald"]
[Black "Grawe, Herbert"]
[Result "0-1"]
[WhiteElo "989"]
[BlackElo "1339"]
[PlyCount "68"]
[EventDate "2015.??.??"]
[WhiteTeam "Dortmunder SV"]
[BlackTeam "Dortmunder SV"]

1. c4 g6 2. Nc3 Bg7 3. Nf3 Nf6 4. d4 c6 5. e4 O-O 6. Bd3 Qc7 7. Bg5 d6 8. O-O
Nh5 9. Re1 f6 10. d5 fxg5 11. Nxg5 Qb6 12. Be2 Rxf2 13. Rf1 Rxe2+ 14. Kh1 Rf2
15. Kg1 Rf4+ 16. Kh1 Bg4 17. Ne2 Nd7 18. Rxf4 Nxf4 19. dxc6 Bxe2 20. Qd2 Qxb2
21. Qxb2 Bxb2 22. Rb1 Nd3 23. cxd7 Rd8 24. Ne6 Rxd7 25. g3 h6 26. Nf4 Bf3+ 27.
Kg1 Bd4+ 28. Kf1 Nxf4 29. Rb3 Bg2+ 30. Ke1 Ne6 31. Rd3 Bxe4 32. Kd2 Bxd3 33.
Kxd3 Bf6 34. c5 dxc5+ 0-1

[Event "69. BEM 2015"]
[Site "Dortmund"]
[Date "2015.03.04"]
[Round "3.1"]
[White "Zachos, Ingo"]
[Black "Henrichs, Thomas"]
[Result "0-1"]
[WhiteElo "1894"]
[BlackElo "2448"]
[PlyCount "66"]
[EventDate "2015.??.??"]
[WhiteTeam "SV Eichlinghofen"]
[BlackTeam "SC Hansa Dortmund"]

1. d3 d5 2. Nf3 c5 3. g3 Nc6 4. Bg2 Nf6 5. O-O g6 6. c3 Bg7 7. Qa4 O-O 8. Qh4
b6 9. Bh6 Qd7 10. Nbd2 Qg4 11. Qxg4 Bxg4 12. Bxg7 Kxg7 13. Rfe1 Rfd8 14. a3 a5
15. a4 Bc8 16. Nb1 Ba6 17. Na3 e6 18. Reb1 Rac8 19. Kf1 Ne8 20. Nb5 f6 21. Bh3
Kf7 22. d4 g5 23. dxc5 bxc5 24. Nd2 Rb8 25. c4 Nd4 26. cxd5 Rxd5 27. Bg2 Rdd8
28. Nc4 Nxb5 29. axb5 Bxb5 30. Nxa5 Rd2 31. Bf3 Ng7 32. Nb7 Bxe2+ 33. Ke1 Bxf3
0-1

[Event "69. BEM 2015"]
[Site "Dortmund"]
[Date "2015.03.04"]
[Round "3.2"]
[White "Hillebrand, Carsten"]
[Black "Ries, Benjamin"]
[Result "1/2-1/2"]
[WhiteElo "1853"]
[BlackElo "2005"]
[Annotator "Schulenburg,Pit"]
[PlyCount "25"]
[EventDate "2015.??.??"]
[WhiteTeam "FS 1898 Dortmund"]
[BlackTeam "SF Brackel"]

1. c4 c6 2. g3 d5 3. Nf3 Nf6 4. Bg2 Bg4 5. cxd5 cxd5 6. Ne5 Bh5 7. d4 e6 8. O-O
Bd6 9. Nc3 O-O 10. Bg5 Qb6 11. Qd2 Nbd7 12. Nxd7 Nxd7 13. e4 $11 1/2-1/2

[Event "69. BEM 2015"]
[Site "Dortmund"]
[Date "2015.03.04"]
[Round "3.3"]
[White "Zelt, Jens"]
[Black "Brendemühl, Bernd"]
[Result "1-0"]
[WhiteElo "2004"]
[BlackElo "1894"]
[PlyCount "81"]
[EventDate "2015.??.??"]
[WhiteTeam "SC Hansa Dortmund"]
[BlackTeam "FS 1898 Dortmund"]

1. d4 Nf6 2. Nf3 g6 3. g3 Bg7 4. Bg2 O-O 5. O-O d5 6. b3 c5 7. c3 b6 8. Nbd2
Bb7 9. Bb2 Nbd7 10. Rc1 Ne4 11. Re1 e6 12. e3 f5 13. c4 Rc8 14. Rc2 Qe7 15. Qa1
Rfd8 16. cxd5 exd5 17. Rec1 g5 18. dxc5 Bxb2 19. Qxb2 Ndxc5 20. Bf1 a6 21. b4
Nxd2 22. Nxd2 Ne4 23. Rxc8 Rxc8 24. Rxc8+ Bxc8 25. Nf3 Bb7 26. Qd4 Qe6 27. Bd3
h6 28. Ne5 Nd2 29. Be2 Ne4 30. Bh5 Qd6 31. Bg6 Bc8 32. Bf7+ Kf8 33. Bxd5 Nf6
34. Nc4 Qxd5 35. Qxf6+ Kg8 36. Qg6+ Kf8 37. Qxh6+ Ke8 38. Qg6+ Kf8 39. Qf6+ Kg8
40. Qxg5+ Kf7 41. Qh5+ 1-0

[Event "69. BEM 2015"]
[Site "Dortmund"]
[Date "2015.03.04"]
[Round "3.4"]
[White "Grube, Jörg"]
[Black "Fork, Raphael"]
[Result "0-1"]
[WhiteElo "1902"]
[BlackElo "1844"]
[PlyCount "110"]
[EventDate "2015.??.??"]
[WhiteTeam "FS 1898 Dortmund"]
[BlackTeam "Matt Inn"]

1. e4 c5 2. Nf3 g6 3. d4 cxd4 4. Nxd4 Bg7 5. Nc3 Nc6 6. Be3 Nf6 7. Bc4 O-O 8.
Bb3 d6 9. f3 Na5 10. Qd2 Nxb3 11. Nxb3 Be6 12. O-O-O Bxb3 13. axb3 Qa5 14. Kb1
Rfe8 15. g4 b5 16. h4 b4 17. Ne2 h5 18. g5 Nd7 19. f4 Rac8 20. Rhf1 Rc6 21. Qd5
Qc7 22. Nd4 Ra6 23. f5 gxf5 24. g6 e6 25. gxf7+ Kxf7 26. Rxf5+ Bf6 27. Nxe6
Rxe6 28. Rdf1 Qc6 29. Qd1 Qxe4 30. Qxh5+ Ke7 31. Bg5 d5 32. Qh7+ Kd8 33. Bxf6+
Nxf6 34. Qh8+ Ne8 35. Qh5 Nf6 36. Qd1 Rac6 37. h5 Ke7 38. h6 Qe2 39. Qc1 Qe3
40. Qd1 Qxh6 41. Qd4 Rb6 42. Qc5+ Kd7 43. Qa5 Rb7 44. R5f4 Qf8 45. Rf5 Qe7 46.
Qa4+ Kc7 47. Qa5+ Kb8 48. c4 bxc3 49. Qxc3 Rbb6 50. Qg3+ Kb7 51. Qd3 Re1+ 52.
Rxe1 Qxe1+ 53. Ka2 Ra6+ 54. Qxa6+ Kxa6 55. Rxf6+ Kb5 0-1

[Event "69. BEM 2015"]
[Site "Dortmund"]
[Date "2015.03.04"]
[Round "3.5"]
[White "Büchle, Manfred"]
[Black "Begna, Bozidar"]
[Result "0-1"]
[WhiteElo "1828"]
[BlackElo "1898"]
[PlyCount "84"]
[EventDate "2015.??.??"]
[WhiteTeam "SV Eichlinghofen"]
[BlackTeam "SC Hansa Dortmund"]

1. e4 d6 2. d4 Nf6 3. Nc3 e5 4. dxe5 dxe5 5. Qxd8+ Kxd8 6. Bg5 Be6 7. O-O-O+
Nbd7 8. f4 exf4 9. Bxf4 c6 10. a3 Ng4 11. Nh3 Bc5 12. Bd3 h6 13. Na4 Be3+ 14.
Bxe3 Nxe3 15. Rd2 g5 16. Bf1 Kc7 17. Nf2 Ne5 18. Nd1 Nxd1 19. Rxd1 Ng4 20. Rd2
b6 21. Bd3 Rad8 22. h3 Ne5 23. Rf1 Rd4 24. Nc3 Rhd8 25. Rfd1 Bc4 26. Bxc4 Rxd2
27. Rxd2 Rxd2 28. Kxd2 Nxc4+ 29. Kc1 Kd6 30. a4 Ke5 31. b3 Nd6 32. Kd1 Nxe4 33.
Ne2 f5 34. c3 c5 35. Kc2 f4 36. Ng1 h5 37. Kd3 g4 38. hxg4 hxg4 39. b4 Nd6 40.
a5 c4+ 41. Ke2 Ne4 42. axb6 axb6 0-1